[Event "10th EUR-ch (w)"]
[Site "Sankt Petersburg RUS"]
[Date "2009.03.19"]
[Round "11"]
[White "Abdulla, Khayala"]
[Black "Kouvatsou, Maria"]
[Result "1-0"]
[WhiteElo "2070"]
[BlackElo "2208"]
[EventDate "2009.03.08"]
[PlyCount "153"]

1.e4 e5 2.Nf3 Nc6 3.Bb5 a6 4.Ba4 Nf6 5.d3 b5 6.Bb3 Be7 7.O-O O-O 8.c3 d6 
9.Re1 Na5 10.Bc2 c5 11.Nbd2 Re8 12.Nf1 Bf8 13.Ng3 g6 14.h3 Bg7 15.Be3 Qc7 
16.Qd2 d5 17.exd5 Nxd5 18.Bh6 f6 19.Bxg7 Kxg7 20.d4 Nc4 21.Qc1 cxd4 22.
cxd4 Bb7 23.b3 Ncb6 24.dxe5 fxe5 25.Be4 Qxc1 26.Raxc1 Re7 27.Bxd5 Nxd5 28.
Rxe5 Rae8 29.Rxe7+ Rxe7 30.Nd4 Nf4 31.f3 Rd7 32.Nge2 Nxe2+ 33.Nxe2 Kf6 34.
Rc2 g5 35.Kf2 h6 36.Kg3 Kg6 37.h4 Re7 38.hxg5 Kxg5 39.Rc5+ Kf6 40.Nf4 Rg7+
41.Kf2 Rd7 42.Ke3 Re7+ 43.Kd4 Rd7+ 44.Kc3 Rd6 45.Rc7 Bc6 46.Ra7 Bd7 47.Nd3
Rc6+ 48.Kb4 Bc8 49.Rh7 Kg5 50.Rg7+ Kf6 51.Rh7 Kg5 52.Nc5 Bf5 53.Ra7 Bc8 
54.g3 Kf5 55.Ne4 h5 56.Rh7 Kg6 57.Rh8 Bf5 58.Nc5 Kg5 59.a3 Kg6 60.Rd8 Kg5 
61.Rd5 Rh6 62.Ne4+ Kg6 63.Rd6+ Kg7 64.Rxh6 Kxh6 65.Ka5 Bc8 66.b4 Kg6 67.
Nd6 Bh3 68.Kxa6 Bg2 69.f4 Bf1 70.Kb6 Kf6 71.Kc5 Ke6 72.Nxb5 Kf5 73.Nd6+ 
Kg4 74.f5 Bd3 75.f6 Bg6 76.Ne4 Kf3 77.Kd4 1-0

[Event "10th EUR-ch (w)"]
[Site "Sankt Petersburg RUS"]
[Date "2009.03.19"]
[Round "11"]
[White "Alexeeva, Alena"]
[Black "Kostiukova, Liubov"]
[Result "0-1"]
[WhiteElo "2039"]
[BlackElo "2235"]
[EventDate "2009.03.08"]
[PlyCount "44"]

1.e4 e6 2.d4 d5 3.e5 c5 4.c3 Bd7 5.a3 a5 6.Nf3 Qb6 7.Be2 a4 8.O-O Nc6 9.
Re1 Rc8 10.Qd3 Na7 11.Qe3 Bb5 12.Bxb5+ Nxb5 13.Qf4 cxd4 14.cxd4 Nh6 15.g4 
g5 16.Qf6 Rg8 17.Bxg5 Nxd4 18.Bxh6 Bxh6 19.Nc3 Rg6 20.Qh8+ Kd7 21.Qxh7 
Nxf3+ 22.Kh1 Ng5 0-1

[Event "10th EUR-ch (w)"]
[Site "Sankt Petersburg RUS"]
[Date "2009.03.19"]
[Round "11"]
[White "Khokhlova, Ekaterina"]
[Black "Jinova, Lucie"]
[Result "1/2-1/2"]
[WhiteElo "1822"]
[BlackElo "2131"]
[EventDate "2009.03.08"]
[PlyCount "192"]

1.e4 e6 2.d4 d5 3.Nc3 Nf6 4.Bg5 Be7 5.e5 Nfd7 6.Bxe7 Qxe7 7.f4 a6 8.Nf3 c5
9.dxc5 Nc6 10.Qd2 Nxc5 11.Bd3 b5 12.a3 Bd7 13.O-O Nxd3 14.Qxd3 Qc5+ 15.Kh1
Ne7 16.Nd4 O-O 17.Rae1 f6 18.Nf3 fxe5 19.Nxe5 Bc6 20.Nxc6 Qxc6 21.Ne2 Rf6 
22.Nd4 Qd6 23.g3 Re8 24.Re3 Nc6 25.Rfe1 g6 26.Nxc6 Qxc6 27.Qd4 Kf7 28.c3 
Qd6 29.Re5 Rc8 30.Qa7+ Kg8 31.Qe3 Re8 32.Qd4 Re7 33.R5e3 Rf8 34.Re5 Rc8 
35.Qe3 Kf7 36.h4 Rc4 37.Rd1 Rec7 38.Re1 R4c6 39.Qd4 Qd7 40.h5 Rc4 41.Qd3 
Re4 42.hxg6+ hxg6 43.R5xe4 dxe4 44.Qxe4 Rc4 45.Qe5 Qc6+ 46.Kh2 Rc5 47.Qe4 
Rd5 48.Re2 Qd6 49.Kg2 Rd2 50.Kf2 Rd1 51.Qe5 Qb6+ 52.Qe3 Qc6 53.Qe4 Qd6 54.
g4 Qb6+ 55.Qe3 Qc6 56.Kg3 Qd5 57.Qe4 Rd3+ 58.Kf2 Qc5+ 59.Kg2 Qd6 60.Qb7+ 
Kf8 61.Qc8+ Kg7 62.Qb7+ Kf8 63.Qe4 Kf7 64.Qb7+ Kf8 65.Qc8+ Kf7 66.Qb7+ Kf8
67.a4 bxa4 68.Qc8+ Kf7 69.Qb7+ Kf8 70.Qe4 Kf7 71.Qxa4 Qd5+ 72.Qe4 Qxe4+ 
73.Rxe4 Rd2+ 74.Kf3 Rxb2 75.Ra4 Rb3 76.Rxa6 Rxc3+ 77.Ke4 Rc4+ 78.Ke5 Rc5+ 
79.Ke4 Rc4+ 80.Ke5 Rc5+ 81.Kd4 Rd5+ 82.Ke4 Rd7 83.g5 Rb7 84.Ra5 Ke7 85.Ke5
Rd7 86.Ra6 Rd5+ 87.Ke4 Rd7 88.Rb6 Ra7 89.Rb5 Rc7 90.Ke5 Ra7 91.Rc5 Rb7 92.
Ra5 Rc7 93.Ra8 Rc5+ 94.Kd4 Rd5+ 95.Ke4 Kf7 96.Ra7+ Kf8 1/2-1/2

[Event "10th EUR-ch (w)"]
[Site "Sankt Petersburg RUS"]
[Date "2009.03.19"]
[Round "11"]
[White "Kuzevanova, Evgenia"]
[Black "Makka, Evanthia"]
[Result "1/2-1/2"]
[WhiteElo "2131"]
[BlackElo "2110"]
[EventDate "2009.03.08"]
[PlyCount "101"]

1.e4 d5 2.exd5 Qxd5 3.Nc3 Qa5 4.d4 Nf6 5.Bc4 Bg4 6.f3 Bf5 7.Ne2 e6 8.O-O 
Nbd7 9.Ng3 Bg6 10.Be3 O-O-O 11.Qe2 Nb6 12.Bb3 Nbd5 13.Nxd5 Nxd5 14.Bf2 Kb8
15.Rfd1 Nf6 16.c4 Ka8 17.c5 c6 18.Ne4 Be7 19.Bc4 Nxe4 20.fxe4 e5 21.b4 
Qxb4 22.Rab1 Qa5 23.Qb2 Rb8 24.Be1 Qa4 25.Bb3 Qa6 26.Bg3 f6 27.Qc2 Qa5 28.
Rbc1 Rbe8 29.d5 cxd5 30.Bxd5 Qc7 31.Bf2 Rc8 32.Rb1 Rb8 33.c6 b6 34.Qa4 Bc5
35.Be6 Bxf2+ 36.Kxf2 Rbd8 37.Rd7 Rxd7 38.cxd7 Qc5+ 39.Kf1 Qd6 40.Rd1 Qc7 
41.d8=R+ Rxd8 42.Rxd8+ Qxd8 43.Qc6+ Kb8 44.Bd5 Qe7 45.Qa8+ Kc7 46.Qxa7+ 
Kd8 47.Qb8+ Kd7 48.Qxb6 Qd6 49.Qb5+ Ke7 50.a4 Be8 51.Qb7+ 1/2-1/2

[Event "10th EUR-ch (w)"]
[Site "Sankt Petersburg RUS"]
[Date "2009.03.19"]
[Round "11"]
[White "Yakovich, Yulia"]
[Black "Sokolova, Vera"]
[Result "0-1"]
[WhiteElo "2125"]
[BlackElo "2084"]
[EventDate "2009.03.08"]
[PlyCount "58"]

1.e4 e5 2.Nf3 Nc6 3.Bc4 Bc5 4.c3 Nf6 5.d4 exd4 6.e5 d5 7.Bb5 Ne4 8.cxd4 
Bb4+ 9.Bd2 Nxd2 10.Bxc6+ bxc6 11.Nbxd2 c5 12.dxc5 O-O 13.Rc1 Bg4 14.a3 
Bxd2+ 15.Qxd2 f6 16.e6 Bxf3 17.gxf3 Re8 18.Kd1 Rxe6 19.Rc3 Qd7 20.Qd4 Rae8
21.Re3 Rxe3 22.fxe3 Qf5 23.Rf1 Qb1+ 24.Ke2 Qc2+ 25.Ke1 c6 26.Rf2 Qc1+ 27.
Ke2 Rb8 28.f4 Rxb2+ 29.Kf3 Qh1+ 0-1

[Event "10th EUR-ch (w)"]
[Site "Sankt Petersburg RUS"]
[Date "2009.03.19"]
[Round "11"]
[White "Ryanova, Valeria"]
[Black "Ikonomopoulou, Maria"]
[Result "1-0"]
[WhiteElo "2113"]
[BlackElo "2052"]
[EventDate "2009.03.08"]
[PlyCount "57"]

1.e4 e6 2.d4 d5 3.Nc3 Bb4 4.e5 c5 5.a3 Bxc3+ 6.bxc3 Ne7 7.Qg4 Qc7 8.Qxg7 
Rg8 9.Qxh7 cxd4 10.Ne2 Nbc6 11.f4 Bd7 12.Qd3 dxc3 13.h3 d4 14.g4 Qb6 15.
Ng3 O-O-O 16.Ne4 Rg7 17.Nd6+ Kb8 18.Bg2 Ng6 19.Nc4 Qc5 20.Rb1 Bc8 21.Qe2 
f6 22.exf6 Rc7 23.Be4 Nh4 24.Bd3 e5 25.O-O Re8 26.fxe5 Be6 27.Nd6 Nxe5 28.
Nxe8 Bd5 29.Qxe5 1-0

[Event "10th EUR-ch (w)"]
[Site "Sankt Petersburg RUS"]
[Date "2009.03.19"]
[Round "11"]
[White "Papadopoulou, Vera"]
[Black "Stiazhkina, Anna"]
[Result "1-0"]
[WhiteElo "2190"]
[BlackElo "1926"]
[EventDate "2009.03.08"]
[PlyCount "73"]

1.d4 d5 2.c4 Bf5 3.Nc3 e6 4.Nf3 c6 5.Qb3 Qb6 6.c5 Qc7 7.Bf4 Qc8 8.e3 Nf6 
9.h3 Be7 10.Nh4 Bg6 11.Nxg6 hxg6 12.Bd3 Bd8 13.Qd1 Bc7 14.b4 Nbd7 15.Bxc7 
Qxc7 16.f4 O-O 17.h4 b6 18.O-O bxc5 19.bxc5 Rab8 20.Rf2 Qa5 21.Rc1 Rb4 22.
g4 Rfb8 23.Rcc2 Qa3 24.Qe2 Qa5 25.Rh2 Qc7 26.h5 gxh5 27.g5 Ng4 28.Rxh5 f5 
29.gxf6 Ndxf6 30.Rg5 Nh6 31.Qh2 Nhg4 32.Qh3 Rb2 33.Rxg4 Nxg4 34.Qxg4 Qf7 
35.Bg6 Qf6 36.Rxb2 Rxb2 37.Qh5 1-0

[Event "10th EUR-ch (w)"]
[Site "Sankt Petersburg RUS"]
[Date "2009.03.19"]
[Round "11"]
[White "Zykova, Antonina"]
[Black "Azimova, Karina"]
[Result "1/2-1/2"]
[WhiteElo "2103"]
[BlackElo "1940"]
[EventDate "2009.03.08"]
[PlyCount "85"]

1.e4 e5 2.Nf3 d6 3.d4 exd4 4.Nxd4 Nf6 5.Nc3 Be7 6.Bf4 O-O 7.Qd2 c6 8.O-O-O
b5 9.f3 b4 10.Nce2 c5 11.Nf5 Bxf5 12.exf5 d5 13.g4 Qa5 14.Kb1 Nc6 15.Ng3 
c4 16.g5 c3 17.Qe2 b3 18.axb3 Nb4 19.bxc3 Qa2+ 20.Kc1 Rac8 21.Rd3 Nxd3+ 
22.Qxd3 Ba3+ 23.Kd2 d4 24.c4 Rfe8 25.Be2 Bb4+ 26.Kd1 Qa1+ 27.Bc1 Re3 28.
gxf6 Rxd3+ 29.Bxd3 Ba3 30.Kd2 Qc3+ 31.Ke2 Bxc1 32.Rxc1 Re8+ 33.Ne4 Qa5 34.
Rg1 g6 35.fxg6 hxg6 36.Kf2 Qh5 37.Kg2 a5 38.Ra1 Qe5 39.Ra4 Rb8 40.c5 Qc7 
41.Rxd4 Rd8 42.Rd6 Re8 43.Bc4 1/2-1/2

[Event "10th EUR-ch (w)"]
[Site "Sankt Petersburg RUS"]
[Date "2009.03.19"]
[Round "11"]
[White "Khropova, Larisa"]
[Black "Efremova, Daria"]
[Result "1-0"]
[WhiteElo "2060"]
[BlackElo "1910"]
[EventDate "2009.03.08"]
[PlyCount "55"]

1.Nf3 Nf6 2.d4 e6 3.Bg5 Be7 4.Nbd2 c5 5.e3 Nc6 6.c3 cxd4 7.exd4 d6 8.Be2 
h6 9.Bh4 Nd5 10.Bxe7 Qxe7 11.O-O O-O 12.Re1 Nf4 13.Bf1 Qf6 14.g3 Ng6 15.h4
e5 16.Ne4 Qd8 17.dxe5 Ngxe5 18.Be2 d5 19.Nc5 b6 20.Nb3 Nc4 21.Qc2 Qf6 22.
Nbd4 Bg4 23.Rad1 Rac8 24.Nxc6 Bf5 25.Ne7+ Qxe7 26.Qxf5 Nxb2 27.Ba6 Qc7 28.
Rb1 1-0

[Event "10th EUR-ch (w)"]
[Site "Sankt Petersburg RUS"]
[Date "2009.03.19"]
[Round "11"]
[White "Zizlova, Sofia"]
[Black "Nikanova, Ekaterina"]
[Result "1-0"]
[WhiteElo "2020"]
[BlackElo "2049"]
[EventDate "2009.03.08"]
[PlyCount "57"]

1.c4 e6 2.Nf3 Nf6 3.g3 d5 4.Bg2 c5 5.cxd5 exd5 6.d4 Nc6 7.O-O Be7 8.Nc3 
O-O 9.Bg5 c4 10.b3 Na5 11.Ne5 Be6 12.bxc4 Nxc4 13.Nxc4 dxc4 14.Bxb7 Rb8 
15.Bg2 Qa5 16.Bd2 Bb4 17.Ne4 c3 18.Nxf6+ gxf6 19.Bh6 Rfc8 20.d5 c2 21.Qd3 
Bd7 22.Be4 Bc3 23.Rac1 Bh3 24.Qf3 f5 25.Bxf5 Bxf1 26.Bxc8 Bb2 27.Qg4+ Kh8 
28.Qd7 Qb5 29.Qd8+ 1-0

[Event "10th EUR-ch (w)"]
[Site "Sankt Petersburg RUS"]
[Date "2009.03.19"]
[Round "11"]
[White "Goriachkina, Alexandra"]
[Black "Minina, Veronika"]
[Result "0-1"]
[WhiteElo "2020"]
[BlackElo "2125"]
[EventDate "2009.03.08"]
[PlyCount "92"]

1.f4 d5 2.Nf3 Bg4 3.Ne5 h5 4.Nc3 e6 5.d3 Nf6 6.Nxg4 Nxg4 7.e4 c6 8.Be2 Qb6
9.d4 Be7 10.a4 a5 11.exd5 cxd5 12.Bxg4 hxg4 13.g3 Bb4 14.O-O Bxc3 15.bxc3 
f5 16.Ba3 Nd7 17.Qe2 Qc6 18.Rfe1 Kf7 19.Rab1 Nf6 20.Rb3 Ne4 21.Qb5 Qxb5 
22.Rxb5 Rab8 23.Rxa5 Nd2 24.Re2 Nc4 25.Bb4 Nxa5 26.Bxa5 Ra8 27.Bb4 Rxa4 
28.Bc5 Rha8 29.Kf2 Ra1 30.Bb4 b5 31.Bc5 Rh1 32.Kg2 Rc1 33.Bb4 Ra2 34.Kf2 
Raa1 35.Bc5 Rh1 36.Ke3 Ra8 37.Rg2 Rh8 38.Bb4 R8xh2 39.Kf2 Rxg2+ 40.Kxg2 
Rc1 41.Kf2 Rxc2+ 42.Kg1 g5 43.fxg5 Kg6 44.Kf1 Kxg5 45.Be7+ Kh5 46.Bb4 f4 
0-1

[Event "10th EUR-ch (w)"]
[Site "Sankt Petersburg RUS"]
[Date "2009.03.19"]
[Round "11"]
[White "Grigorieva, Olga"]
[Black "Malinicheva, Lidia"]
[Result "0-1"]
[WhiteElo "2016"]
[BlackElo "2068"]
[EventDate "2009.03.08"]
[PlyCount "108"]

1.d4 Nf6 2.c4 e6 3.Nc3 d5 4.cxd5 exd5 5.Bg5 Be7 6.e3 c6 7.Bd3 Nbd7 8.Nge2 
O-O 9.O-O Ne4 10.Bxe7 Qxe7 11.Nf4 f5 12.Qc2 Ndf6 13.Rae1 g5 14.Nfe2 Be6 
15.f3 Nxc3 16.bxc3 Nh5 17.Nc1 b6 18.c4 Qd7 19.Qc3 Nf6 20.c5 Qc7 21.Bb1 
bxc5 22.Qxc5 Rf7 23.Nd3 Nd7 24.Qc3 Rc8 25.Rc1 Rf6 26.f4 g4 27.Ne5 Bf7 28.
Rf2 Be8 29.Bd3 Qd8 30.g3 c5 31.Nxd7 Bxd7 32.dxc5 Qe7 33.Qd4 Bc6 34.Rb2 Kf7
35.Bb5 Qd7 36.Bxc6 Rfxc6 37.Rd2 Rd8 38.Qe5 Kg6 39.Kf2 Re6 40.Qc3 Qc6 41.
Rd4 Re7 42.Qd2 h5 43.a4 Rh7 44.Qd3 h4 45.Qb5 hxg3+ 46.Kxg3 Qe6 47.Rd3 Rh3+
48.Kf2 Rxh2+ 49.Ke1 Qe4 50.Rb3 Rh1+ 51.Kd2 Qg2+ 52.Kd3 Rxc1 53.Qc6+ Kh5 
54.Rc3 Rd1# 0-1

[Event "10th EUR-ch (w)"]
[Site "Sankt Petersburg RUS"]
[Date "2009.03.19"]
[Round "11"]
[White "Tskhadadze, Anna"]
[Black "Ovod, Irina"]
[Result "1-0"]
[WhiteElo "1821"]
[BlackElo "1777"]
[EventDate "2009.03.08"]
[PlyCount "104"]

1.d4 Nf6 2.c4 e6 3.Nc3 c5 4.d5 d6 5.e4 e5 6.h3 Be7 7.Nf3 h6 8.Bd3 O-O 9.
Be3 a6 10.a3 Nbd7 11.b4 b6 12.O-O Nh7 13.Nd2 g5 14.Qh5 Kg7 15.Ne2 Ndf6 16.
Qf3 Kg6 17.Nc3 Nh5 18.Bc2 Ng7 19.g4 Nf6 20.Qg3 Rh8 21.f3 Rh7 22.Nd1 Qh8 
23.Nf2 Bd7 24.Nd3 Qc8 25.bxc5 bxc5 26.Bxc5 Qf8 27.Be3 Nfe8 28.c5 f6 29.c6 
Bc8 30.Nc4 Nc7 31.a4 Nge8 32.Rab1 Qh8 33.Nf2 h5 34.Rb2 a5 35.Rfb1 Na6 36.
Nxa5 Nec7 37.Nc4 Nc5 38.Bxc5 Ba6 39.Bxd6 Bxd6 40.Nxd6 Be2 41.Nf5 hxg4 42.
fxg4 Rc8 43.Bd1 Bd3 44.Qxd3 Qf8 45.Rb7 Qc5 46.Qe3 Qa5 47.Bb3 Qa6 48.Ra7 
Nxd5 49.Rxa6 Nxe3 50.Nxe3 Rhc7 51.Nd5 Rxc6 52.Rxc6 Rxc6 1-0